000 00761nam a22002177a 4500
005 20250714162916.0
008 250714b |||||||| |||| 00| 0 eng d
020 _a9788170289968 (pbk)
037 _cTB
040 _aCRL
_cCRL
041 _2hindi
084 _aSM95xM56 152R4
_qCRL
100 _aफ्रायड, सिगमडं
_9815587
245 _aफ्रायड: मनोविश्लेषण
260 _aदिल्ली,भारत:
_bराजपाल,
_c2024.
300 _a391p.
365 _b399.00
_cINR
650 _2psychology
942 _2CC
_cTB
_hSM95xM56 152R4
_n0
999 _c1433638
_d1433638